| 000 | 00689cam a2200229 a 4500 | ||
|---|---|---|---|
| 999 |
_c125728 _d125728 |
||
| 001 | 16972312 | ||
| 005 | 20220308100518.0 | ||
| 008 | 110922s2012 nyua 001 0 eng | ||
| 020 | _a9780730314622 | ||
| 040 | _cPK-LaUMT | ||
| 082 |
_a612 _bTOR-P |
||
| 100 | 1 | _aTortora, Gerard J. | |
| 245 | 1 | 0 |
_aPrinciples of anatomy & physiology / _cby Gerard J. Tortora and Bryan Derrickson |
| 250 | _aFirst Asia-Pacific edition (genuine ed.) | ||
| 260 |
_aHoboken, NJ : _bJohn Wiley, _c2016 |
||
| 300 |
_axxii, 817 p. _bill. (chiefly col.) ; _c29 cm. |
||
| 500 | _aIncludes index. | ||
| 650 | 0 | _aHuman physiology | |
| 650 | 0 | _aHuman anatomy | |
| 700 | 1 | _aDerrickson, Bryan. | |
| 942 | _cBK | ||